| 000 | 00587nam a22001937a 4500 | ||
|---|---|---|---|
| 005 | 20241030111734.0 | ||
| 008 | 241030b |||||||| |||| 00| 0 eng d | ||
| 020 | _a978-0-12-088591-6 | ||
| 082 |
_a363.25 _bFIS-I |
||
| 100 | _aFisher, Barry.A.J | ||
| 245 |
_aIntroduction to criminalistics: _bThe Foundation of Forensic Science/ _cBarry A. J. Fisher |
||
| 260 |
_aUSA; _bAcademic Press; _c2009. |
||
| 300 |
_axi, 321 p.: _bill.; _c24 cm. |
||
| 500 | _aIncludes index. | ||
| 650 | _aSocial Sciences | ||
| 700 | _aWilliam J. Tilstone | ||
| 700 | _aCatherine Woytowicz | ||
| 999 |
_c36720 _d36720 |
||